Festival dechových orchestrů : 20.-22.června, Hulín, Zdounky, Kroměříž. 1985 : bulletin /

Další autoři: Dvořák, Vlasta, 1928-2010
Jazyk: Čeština
Vydáno: Kroměříž : Okresní kulturní středisko, 1985
Fyzický popis: 11 s.
Knihy
Uloženo v:
LEADER 00891nam a22002172a 4500
001 000147179
003 CZ BrMZK
005 20031203082609.0
008 010907s1985 xr f cze d
040 |a BOA001  |b cze 
080 |a 785.1.091.4  |2 MRF 
245 0 0 |a Festival dechových orchestrů :  |b 20.-22.června, Hulín, Zdounky, Kroměříž. 1985 : bulletin /  |c odpovědný redaktor Vlastimil Dvořák 
246 3 3 |a Bulletin festivalu dechových orchestů Kroměříž 1985 
260 |a Kroměříž :  |b Okresní kulturní středisko,  |c 1985 
300 |a 11 s. 
500 |a Název v tiráži: Bulletin festivalu dechových orchestů Kroměříž 1985 
500 |a Název vzat z obalu 
700 1 |a Dvořák, Vlasta,  |d 1928-2010  |7 mzk2005286481  |4 cmp 
910 |a BOA001  |b X2-0892.977 
990 |a BK 
996 6 |b 2619957080  |c X2-0892.977  |l MZK  |r Sklad / do 24 hodin  |n 0  |w 000147179  |u 000010  |a 1  |e BOA001  |j MZK50  |s P